Normal view
MARC view
- Suresh, S
Entry Personal Name
001 - CONTROL NUMBER
- control field: 25922
003 - CONTROL NUMBER IDENTIFIER
- control field: IN-BhIIT
005 - DATE AND TIME OF LATEST TRANSACTION
- control field: 20250328120947.0
008 - FIXED-LENGTH DATA ELEMENTS
- fixed length control field: 250328|| aca||aabn | a|a d
040 ## - CATALOGING SOURCE
- Original cataloging agency: IN-BhIIT
- Transcribing agency: IN-BhIIT
100 ## - HEADING--PERSONAL NAME
- Personal name: Suresh, S
670 ## - SOURCE DATA FOUND
- Source citation: Work cat.: (IN-BhIIT)14815: Freund, L. B. Author 25921, Thin film materials :, 2003.